Policy reform as collective action

Salvato in:
Dettagli Bibliografici
Autore principale: Johnson, Omotunde E.G
Natura: Libro
Lingua:inglese
Pubblicazione: Washington International Monetary Fund 1997
Serie:IMF Working Paper WP/97/163
Soggetti:
Tags: Aggiungi Tag
Nessun Tag, puoi essere il primo ad aggiungerne!!

MARC

LEADER 00000nam a2200000 4500
001 c100621
005 20221124074844.2
041 0 |a eng 
044 |a US 
245 1 0 |a Policy reform as collective action  |c Omotunde E.G. Johnson 
264 1 |a Washington  |b International Monetary Fund  |c 1997 
300 |a 28 s. 
490 1 |a IMF Working Paper  |v WP/97/163 
830 0 |a IMF Working Paper  |v WP/97/163 
610 2 0 |a reformy 
610 2 0 |a politika 
610 2 0 |a vláda 
610 2 0 |a spoločnosť 
610 2 0 |a správanie 
610 2 0 |a teórie politické 
610 2 0 |a transformácia 
610 2 0 |a SVE 
100 1 |a Johnson, Omotunde E.G.